Remote sensing of aquatic coastal ecosystem processes : science and management applications /

Bibliographic Details
Corporate Author: SpringerLink (Online service)
Other Authors: LeDrew, Ellsworth Frank, Richardson, Laurie Lee, 1955-
Format: eBook
Language:English
Published: Dordrecht : Springer, [2006]
Series:Remote sensing and digital image processing ; v. 9.
Subjects:
Online Access:Connect to the full text of this electronic book

MARC

Tag First Indicator Second Indicator Subfields
LEADER 00000cam a2200000Ia 4500
001 in00002458113
005 20210727085132.0
006 m d
007 cr cn|||||||||
008 081017s2006 ne ab sb 001 0 eng d
020 |a 1402039689 
020 |a 9781402039683 
035 |a (OCoLC)262691227 
035 |a (OCoLC)ocn262691227 
035 |a 3071803 
037 |a 978-1-4020-3967-6  |b Springer  |n http://www.springerlink.com 
040 |a GW5XE  |b eng  |c GW5XE  |d GW5XE  |d UtOrBLW 
049 |a TEFA 
050 1 4 |a QH541.15.R4  |b R446 2006eb 
082 0 4 |a 333.95  |2 22 
245 0 0 |a Remote sensing of aquatic coastal ecosystem processes :  |b science and management applications /  |c edited by Laurie L. Richardson and Ellsworth F. LeDrew. 
264 1 |a Dordrecht :  |b Springer,  |c [2006] 
264 4 |c ©2006 
300 |a xvii, 324 pages :  |b illustrations, maps ;  |c 25 cm. +  |e 1 CD-ROM. 
336 |a text  |b txt  |2 rdacontent 
337 |a computer  |b c  |2 rdamedia 
338 |a online resource  |b cr  |2 rdacarrier 
490 1 |a Remote sensing and digital image processing ;  |v v. 9 
500 |a CD-ROM in pocket of cover. 
500 |a Electronic resource. 
504 |a Includes bibliographical references and index. 
533 |a Electronic reproduction.  |b New York :  |c Springer,  |d 2008.  |n Mode of access: World Wide Web.  |n System requirements: Web browser.  |n Title from title screen (viewed on Oct. 10, 2008).  |n Access may be restricted to users at subscribing institutions. 
650 0 |a Coastal ecology  |x Remote sensing. 
655 7 |a Electronic books.  |2 local 
700 1 |a LeDrew, Ellsworth Frank. 
700 1 |a Richardson, Laurie Lee,  |d 1955-  |0 http://id.loc.gov/authorities/names/n88630894 
710 2 |a SpringerLink (Online service)  |0 http://id.loc.gov/authorities/names/no2005046756 
776 1 |c Original  |z 1402039670  |z 9781402039676  |w (OCoLC)70506175 
830 0 |a Remote sensing and digital image processing ;  |v v. 9.  |0 http://id.loc.gov/authorities/names/n99830673 
856 4 0 |u http://proxy.library.tamu.edu/login?url=https://dx.doi.org/10.1007/1-4020-3968-9  |z Connect to the full text of this electronic book  |t 0 
994 |a C0  |b TEF 
999 |a MARS 
999 f f |s 1c46baf4-b7a0-3579-b7f5-7f7f757abeec  |i ccbe78a4-9d4b-3b61-ba5e-eb0f471be535  |t 0 
952 f f |a Texas A&M University  |b College Station  |c Electronic Resources  |d Available Online  |t 0  |e QH541.15.R4 R446 2006eb  |h Library of Congress classification 
998 f f |a QH541.15.R4 R446 2006eb  |t 0  |l Available Online